Statistics for Alphabet Quiz

Click here to take the quiz!

General Stats

  • This quiz has been taken 3,739 times
  • The average score is 21 of 26

Answer Stats

HintAnswer% Correct
A
95%
E
92%
B
89%
C
88%
D
88%
F
86%
G
85%
I
85%
H
84%
J
81%
Q
81%
K
80%
O
79%
R
79%
L
78%
P
78%
M
76%
S
76%
T
76%
U
76%
N
75%
W
75%
Y
70%
V
68%
X
64%
Z
64%

Score Distribution

Percentile by Number Answered

Percent of People with Each Score

Your Score History

You have not taken this quiz